000 00719nam a2200289Ia 4500
005 20260324115837.0
008 008 260324s9999 xx 000 0 eng d
020 _a9781315382296
037 _aEBOOK
040 _aCRL
040 _beng
040 _cCRL
041 _2eng
041 _aeng
084 _qCRL
100 _aJohn E. Madigan; Todd C. Maher; Mohammad Ali
_91156221
245 0 _aLean for the Cash-Strapped Leader
245 4 _bThe Path to Growth and Profitability
260 _bTaylor and Francis
260 _c2016
365 _a
365 _b290
856 _uhttp://www.taylorfrancis.com/books/9781315382296
942 _cEBOOK
999 _c1747400
_d1747400